|
|
|
|
| LEADER |
00841nab#a2200301#ar4500 |
| 001 |
000007213 |
| 003 |
SVKKK |
| 005 |
20030714145100.0 |
| 008 |
030714c1997 e sloo |
| FMT |
|
|
|
| 038 |
|
|
|a SVKKK
|
| 040 |
|
|
|a SVKKK
|b slo
|e AACR2
|
| 041 |
0 |
|
|a slo
|
| 080 |
|
|
|a 25
|2 1981
|
| 100 |
1 |
|
|a Sambor, Miroslav
|4 aut
|
| 245 |
1 |
0 |
|a Chcú svojich novinárov :
|b Predseda KBS Msgre Rudolf Baláž o Katolíckej univerzite v Košiciach
|c Sambor Miroslav, , Baláž Rudolf
|
| 260 |
|
|
|c 1997
|
| 650 |
0 |
4 |
|a rozhovory
|
| 650 |
0 |
4 |
|a zriadenie
|z žiadosti
|
| 650 |
0 |
4 |
|a školstvo cirkevné
|z Katolícka univerzita
|z Košice
|
| 700 |
1 |
|
|a Baláž, Rudolf
|4 aut
|
| 773 |
0 |
|
|t Košický večer
|g Roč. 8, č. 58(1997), dát. 0325, s. 1
|
| 957 |
|
|
|a Košice
|
| 974 |
|
|
|a Cr
|
| 992 |
|
|
|a RBX
|
| BAS |
|
|
|
| 852 |
|
|
|a SVKKK
|b BIB
|
| 998 |
|
|
|a REG
|